Central Library OPAC University of Rajshahi

রবীন্দ্র জিজ্ঞাসা / (Record no. 64632)

MARC details
000 -LEADER
fixed length control field 00880nam a2200229 a 4500
001 - CONTROL NUMBER
control field 64632
003 - CONTROL NUMBER IDENTIFIER
rucl marc code BD-RjUL
005 - DATE AND TIME OF LATEST TRANSACTION
control field 20211209081329.0
008 - FIXED-LENGTH DATA ELEMENTS--GENERAL INFORMATION
fixed length control field 170216s1968 ii ||||| |||| 00| 0 ben d
035 ## - SYSTEM CONTROL NUMBER
System control number (BD-RjUL)64762
040 ## - CATALOGING SOURCE
Original cataloging agency BD-RjUL
Language of cataloging eng
Transcribing agency BD-RjUL
041 ## - LANGUAGE CODE
Language code of text/sound track or separate title eng
082 ## - DEWEY DECIMAL CLASSIFICATION NUMBER
Edition number 23
Classification number 891.4409
Author mark and year ROB 1968
245 00 - TITLE STATEMENT
Title রবীন্দ্র জিজ্ঞাসা /
Statement of responsibility, etc. আশোকবিজয় রাহা
260 ## - PUBLICATION, DISTRIBUTION, ETC. (IMPRINT)
Place of publication, distribution, etc. কলকাতা :
Name of publisher, distributor, etc. বিশ্বভারতী,
Date of publication, distribution, etc. ১৯৬৮।
300 ## - PHYSICAL DESCRIPTION
Pagination খন্ড. ;
Size ২৫ সেমি.
505 ## - FORMATTED CONTENTS NOTE
Formatted contents note খন্ড. ২ -- খন্ড. ১
650 ## - SUBJECT ADDED ENTRY--TOPICAL TERM
Topical term or geographic name as entry element বাংলা সাহিত্য
Form subdivision ইতিহাস ও সমালোচনা
9 (RLIN) 170332
Topical term or geographic name as entry element Bengali Lillterature
Form subdivision History and Criticism
9 (RLIN) 191657
700 ## - ADDED ENTRY--PERSONAL NAME
Personal name রাহা, আশোকবিজয়
942 ## - ADDED ENTRY ELEMENTS (KOHA)
Source of classification or shelving scheme Dewey Decimal Classification
Koha item type Books
Holdings
Lost status Source of classification or shelving scheme Damaged status Not for loan Collection code Permanent Location Current Location Shelving location Date acquired Source of acquisition Total Checkouts Full call number Date last seen Copy number Koha item type
  Dewey Decimal Classification   Not For Loan Non-fiction Central Library, University of Rajshahi Central Library, University of Rajshahi Reading Room 18/08/1993 Prentice Hall of India   B 891.4409 ROB V-2 1968 16/02/2017 C-1 Books
  Dewey Decimal Classification   Not For Loan Non-fiction Central Library, University of Rajshahi Central Library, University of Rajshahi Reading Room 18/08/1973 presented by indian govt   B 891.4409 ROB V-1 1965 20/02/2017 C-1 Books